[Event "TCh-TUR Super League 2023"]
[Site "Ankara TUR"]
[Date "2023.07.12"]
[Round "3.6"]
[Board "4"]
[White "Gallevci, Yagiz"]
[Black "Karaoglan, Doruk"]
[Result "1/2-1/2"]
[WhiteTitle "CM"]
[BlackTitle "CM"]
[WhiteElo "2204"]
[BlackElo "2247"]
[WhiteTeam "BURHANIYE"]
[BlackTeam "ROTA KOLEJI"]
[WhiteFideId "6379931"]
[BlackFideId "6390927"]
[EventDate "2023.07.10"]

1. e4 c5 2. Nc3 d6 3. d4 cxd4 4. Qxd4 Nc6 5. Qd2 g6 6. b3 Bh6 7. f4 Nf6 8. Bb2
O-O 9. O-O-O e5 10. g3 Re8 11. Bg2 Bg4 12. Rf1 Rc8 13. Kb1 Nd4 14. h3 Bd7 15. g4
Bg7 16. Nge2 Bb5 17. Nxb5 Rxc2 18. Qxc2 Nxc2 19. Kxc2 exf4 20. Nxf4 Nxe4 21.
Bxe4 Rxe4 22. Bxg7 Kxg7 23. Nc3 Re5 24. Rf3 b5 25. Nfd5 Qa8 26. Rhf1 Rxd5 27.
Rxf7+ Kh6 28. Nxd5 Qxd5 29. R7f3 b4 30. R1f2 Qd4 31. Rd2 Qa1 32. Kd3 Kg5 33. Ke2
Kh4 34. Kf2 Qh1 35. Rdd3 Qh2+ 36. Ke1 Qxa2 37. Kd1 Qb1+ 38. Kd2 Qb2+ 39. Kd1
Qa1+ 40. Kd2 Qa2+ 41. Kd1 a5 42. Kc1 d5 43. Kd1 d4 44. Kc1 Qa1+ 45. Kc2 Qe1 46.
Kb2 Qe5 47. Kc2 Qe2+ 48. Kb1 g5 49. Kc1 h5 50. gxh5 Kxh5 51. Rg3 Kg6 52. Rdf3
Kh6 53. Kb1 Qd2 54. Rd3 Qe1+ 55. Kb2 Qe2+ 56. Kc1 Kh5 57. Kb1 Kg6 58. Rgf3 Kh5
59. Rg3 Qf2 60. Rdf3 Qe1+ 61. Kb2 Qe2+ 62. Kb1 Kg6 63. Kc1 Qh2 64. Kb1 Qd2 65.
h4 g4 66. Rxg4+ Kh5 67. Rgg3 Qe1+ 68. Kc2 Qe2+ 69. Kc1 Qe1+ 70. Kc2 Qe2+ 71. Kc1
Qe1+ 1/2-1/2

[Event "TCh-TUR Super League 2023"]
[Site "Ankara TUR"]
[Date "2023.07.12"]
[Round "3.6"]
[Board "5"]
[White "Mammadova, Narmin"]
[Black "Yakubbaeva, Nilufar"]
[Result "1/2-1/2"]
[WhiteTitle "WIM"]
[BlackTitle "WGM"]
[WhiteElo "2241"]
[BlackElo "2311"]
[WhiteTeam "ROTA KOLEJI"]
[BlackTeam "BURHANIYE"]
[WhiteFideId "13403710"]
[BlackFideId "14204487"]
[EventDate "2023.07.10"]

1. e4 e5 2. Nf3 Nc6 3. Bc4 Nf6 4. d3 d5 5. exd5 Nxd5 6. O-O Be7 7. Re1 f6 8. c3
Bg4 9. a4 Qd7 10. a5 a6 11. Nbd2 O-O-O 12. Nf1 Bc5 13. Bd2 Ba7 14. b4 Qf5 15.
Ng3 Bxf3 16. Nxf5 Bxd1 17. Raxd1 g6 18. Ne3 Nxe3 19. fxe3 Ne7 20. Kf1 f5 21. Ke2
Nd5 22. Bb3 Rhe8 23. g3 Bxe3 24. Bxe3 Nxc3+ 25. Kf2 Nxd1+ 26. Rxd1 f4 27. Bc5 e4
28. dxe4 fxg3+ 29. hxg3 Rxd1 30. Bxd1 Rxe4 31. Bf3 Re8 32. Kg2 Re5 33. Kh3 Re1
34. Kg4 Rb1 35. Be4 Rb2 36. Kg5 b6 37. axb6 cxb6 38. Bf8 Rb3 39. g4 h5 40. gxh5
gxh5 41. Kxh5 a5 42. bxa5 bxa5 43. Kg4 Kc7 44. Kf4 a4 45. Bd5 Rb1 46. Ke3 Re1+
47. Kd3 Rg1 48. Kc3 Rg5 49. Bc4 Rg3+ 50. Kb4 a3 51. Bb3 Rxb3+ 52. Kxb3 1/2-1/2

[Event "TCh-TUR Super League 2023"]
[Site "Ankara TUR"]
[Date "2023.07.12"]
[Round "3.6"]
[Board "6"]
[White "Celik, Hasan Huseyin"]
[Black "Tarhan, Adar"]
[Result "1/2-1/2"]
[WhiteTitle "FM"]
[BlackTitle "FM"]
[WhiteElo "2405"]
[BlackElo "2347"]
[WhiteTeam "BURHANIYE"]
[BlackTeam "ROTA KOLEJI"]
[WhiteFideId "44506759"]
[BlackFideId "34544712"]
[EventDate "2023.07.10"]

1. d4 d5 2. c4 e6 3. Nf3 Nf6 4. g3 Be7 5. Bg2 O-O 6. Qc2 dxc4 7. Qxc4 a6 8. Bg5
b5 9. Qc2 Bb7 10. Bxf6 Bxf6 11. O-O g6 12. Nbd2 Nd7 13. Nb3 Rc8 14. Rfd1 c5 15.
dxc5 Qe7 16. Rac1 Bd5 17. Nfd2 Bxb3 18. Nxb3 Nb6 19. Na5 Nc4 20. Nxc4 Rxc5 21.
Qd3 Rfc8 22. b3 Qc7 23. e3 bxc4 24. Rxc4 Rxc4 25. Qxc4 Qxc4 26. bxc4 Rxc4 27.
Bf1 Rc2 28. Bxa6 Rxa2 29. Bc4 Ra1 30. Rxa1 Bxa1 1/2-1/2

[Event "TCh-TUR Super League 2023"]
[Site "Ankara TUR"]
[Date "2023.07.13"]
[Round "4.1"]
[Board "2"]
[White "Skoberne, Jure"]
[Black "Visakh, N R"]
[Result "1-0"]
[WhiteTitle "GM"]
[BlackTitle "GM"]
[WhiteElo "2536"]
[BlackElo "2536"]
[WhiteTeam "BURHANIYE"]
[BlackTeam "TAS DUVAR"]
[WhiteFideId "14604299"]
[BlackFideId "25012223"]
[EventDate "2023.07.10"]

1. e4 c5 2. c3 d5 3. exd5 Qxd5 4. d4 g6 5. Nf3 Bg7 6. Nbd2 cxd4 7. Bc4 Qd8 8.
Nxd4 Nh6 9. N2f3 O-O 10. Bxh6 Bxh6 11. Qe2 Nc6 12. Rd1 Qb6 13. Nxc6 Qxc6 14. Rd4
Bg7 15. Re4 e5 16. Nxe5 Bxe5 17. Rxe5 Qxg2 18. Bd5 Qg4 19. c4 Qd4 20. Rg1 Bd7
21. Qe4 Qxb2 22. Rxg6+ Kh8 23. Rg3 Rae8 24. Re3 Qa1+ 25. Ke2 Qxa2+ 26. Kf3 Qa1
27. Qh4 Qd1+ 28. Kg2 Rg8+ 29. Rg3 Rxg3+ 30. hxg3 1-0

[Event "TCh-TUR Super League 2023"]
[Site "Ankara TUR"]
[Date "2023.07.13"]
[Round "4.1"]
[Board "3"]
[White "Samani, Yamac"]
[Black "Celik, Hasan Huseyin"]
[Result "1/2-1/2"]
[WhiteTitle "FM"]
[BlackTitle "FM"]
[WhiteElo "2375"]
[BlackElo "2405"]
[WhiteTeam "TAS DUVAR"]
[BlackTeam "BURHANIYE"]
[WhiteFideId "6352634"]
[BlackFideId "44506759"]
[EventDate "2023.07.10"]

1. d4 d5 2. Nc3 Nf6 3. Bf4 c5 4. e3 cxd4 5. exd4 Bg4 6. Be2 Bxe2 7. Qxe2 Nc6 8.
Nb5 Kd7 9. Nf3 Rc8 10. O-O a6 11. Nc3 e6 12. Na4 Qa5 13. b3 Bd6 14. Bxd6 Kxd6
15. Nc5 Ke7 16. b4 Qb5 17. Qe3 b6 18. a4 Qc4 19. Nxa6 Qxa6 20. b5 Qa5 21. bxc6
Rxc6 22. Qa3+ Ke8 23. Ne5 Rc8 24. Rab1 Qa7 25. Qd6 Qc7 26. Qb4 Nd7 27. Qb5 Ke7
28. Qb4+ Ke8 29. Qb5 Ke7 30. Nxd7 Qxd7 31. Qb4+ Kf6 32. Rb3 g6 33. Qxb6 1/2-1/2

[Event "TCh-TUR Super League 2023"]
[Site "Ankara TUR"]
[Date "2023.07.13"]
[Round "4.1"]
[Board "4"]
[White "Gallevci, Yagiz"]
[Black "Karagollu, Ahmet"]
[Result "1-0"]
[WhiteTitle "CM"]
[WhiteElo "2204"]
[BlackElo "2175"]
[WhiteTeam "BURHANIYE"]
[BlackTeam "TAS DUVAR"]
[WhiteFideId "6379931"]
[BlackFideId "6307825"]
[EventDate "2023.07.10"]

1. d4 d5 2. c4 e6 3. Nc3 Nf6 4. Nf3 Be7 5. Bf4 c6 6. e3 Nbd7 7. h3 O-O 8. Bh2
dxc4 9. Bxc4 b5 10. Bd3 Bb7 11. O-O a6 12. a4 b4 13. Ne4 Nxe4 14. Bxe4 Nf6 15.
Bd3 c5 16. dxc5 Bxc5 17. a5 Qe7 18. Qe2 Rfd8 19. Rfd1 Ne4 20. Rac1 Ng5 21. Ne5
f6 22. Nc4 e5 23. Nb6 Bxb6 24. axb6 Ne6 25. f4 Nc5 26. Bc4+ Kh8 27. fxe5 fxe5
28. Qh5 e4 29. Bc7 Rxd1+ 30. Rxd1 Nd3 31. Rf1 Rf8 32. Rxf8+ Qxf8 33. Bd5 Ba8 34.
Bxa8 Qxa8 35. b7 1-0

[Event "TCh-TUR Super League 2023"]
[Site "Ankara TUR"]
[Date "2023.07.13"]
[Round "4.1"]
[Board "5"]
[White "Nurmanova, Alua"]
[Black "Yakubbaeva, Nilufar"]
[Result "0-1"]
[WhiteTitle "WIM"]
[BlackTitle "WGM"]
[WhiteElo "2183"]
[BlackElo "2311"]
[WhiteTeam "TAS DUVAR"]
[BlackTeam "BURHANIYE"]
[WhiteFideId "13729390"]
[BlackFideId "14204487"]
[EventDate "2023.07.10"]

1. e4 e5 2. Nf3 Nc6 3. Bb5 Nf6 4. O-O Nxe4 5. d4 Nd6 6. dxe5 Nxb5 7. a4 d6 8. e6
Bxe6 9. axb5 Ne5 10. Nd4 Bd7 11. f4 Ng6 12. Ra3 Be7 13. Rg3 f5 14. Qh5 O-O 15.
Rh3 Nh4 16. Be3 Qe8 17. Qe2 Bf6 18. Nc3 Qf7 19. Qf2 Rae8 20. Bd2 Qc4 21. Rd3 Ng6
22. Ra1 a6 23. bxa6 bxa6 24. b3 Qf7 25. Rxa6 Ra8 26. Rxa8 Rxa8 27. Be3 Ra1+ 28.
Rd1 Rxd1+ 29. Nxd1 c5 30. Nf3 Bc6 31. Qf1 Qe6 32. Nd2 Ne7 33. c4 h6 34. Qd3 g5
35. Nf1 Ng6 36. Qd2 gxf4 37. Bxf4 Qe4 38. Bxh6 f4 39. h4 Nxh4 40. Bxf4 Nxg2 41.
Bg5 Nh4 42. Bxh4 Qh1+ 0-1

[Event "TCh-TUR Super League 2023"]
[Site "Ankara TUR"]
[Date "2023.07.13"]
[Round "4.1"]
[Board "6"]
[White "Bicer, Atakan Mert"]
[Black "Tarlabasi, Emirhan"]
[Result "1-0"]
[WhiteTitle "FM"]
[BlackTitle "FM"]
[WhiteElo "2311"]
[BlackElo "2301"]
[WhiteTeam "BURHANIYE"]
[BlackTeam "TAS DUVAR"]
[WhiteFideId "34560645"]
[BlackFideId "6350275"]
[EventDate "2023.07.10"]

1. c4 e6 2. g3 d5 3. Bg2 Nf6 4. Nf3 Be7 5. O-O O-O 6. b3 b6 7. Bb2 Bb7 8. d4 c5
9. e3 cxd4 10. exd4 Nc6 11. Qe2 Rc8 12. Nbd2 Rc7 13. Rac1 Qc8 14. Bh3 h6 15.
Rfd1 Rd8 16. Nf1 Ba6 17. Ne3 Nb4 18. a3 Nc6 19. Qe1 Qb7 20. Ne5 Na5 21. cxd5
Rxc1 22. Rxc1 exd5 23. Qd1 Bb5 24. Nf5 Bf8 25. Qf3 Ne4 26. Qg4 Ng5 27. Bg2 g6
28. Nh4 Bd7 29. Qd1 Nh3+ 30. Bxh3 Bxh3 31. Qf3 g5 32. g4 gxh4 33. Qxh3 Rc8 34.
Re1 Bg7 35. Re2 Re8 36. Rd2 Qe7 37. Qf3 Qe6 38. Rc2 Bxe5 39. dxe5 Nc6 40. Rd2
Nxe5 41. Bxe5 Qxe5 42. Rxd5 Qe6 43. Kg2 Rc8 44. Kh3 Qe7 45. b4 Rc6 46. Rd3 Rg6
47. Re3 Qg5 48. Re8+ Kg7 49. Qc3+ Qf6 50. Re3 Qxc3 51. Rxc3 Rd6 52. Kxh4 Rd2 53.
Kg3 a5 54. bxa5 bxa5 55. h4 Rd4 56. f4 Ra4 57. Kf3 h5 58. g5 Kg6 59. Rc6+ Kg7
60. Rc7 Kg6 61. Ra7 f5 62. Ra6+ Kg7 63. Rf6 Rxa3+ 64. Kf2 Rh3 65. Rxf5 Rxh4 66.
Kg3 Rg4+ 67. Kf3 Rg1 68. Rxa5 h4 69. Ra7+ Kg6 70. Ra6+ Kg7 71. Rh6 Rg3+ 72. Ke4
h3 73. Kf5 Kf7 74. Rh7+ Kg8 75. g6 Kf8 76. Ke4 1-0

[Event "TCh-TUR Super League 2023"]
[Site "Ankara TUR"]
[Date "2023.07.13"]
[Round "4.2"]
[Board "1"]
[White "Volokitin, Andrei"]
[Black "Sankalp, Gupta"]
[Result "1/2-1/2"]
[WhiteTitle "GM"]
[BlackTitle "GM"]
[WhiteElo "2674"]
[BlackElo "2497"]
[WhiteTeam "DENIZ SU SATRANC GENCLIK VE"]
[BlackTeam "ROTA KOLEJI"]
[WhiteFideId "14107090"]
[BlackFideId "5097010"]
[EventDate "2023.07.10"]

1. e4 e5 2. Nf3 Nf6 3. d4 Nxe4 4. Bd3 d5 5. Nxe5 Nd7 6. Nc3 Nxc3 7. bxc3 Bd6 8.
O-O O-O 9. Re1 c5 10. Nxd7 Qxd7 11. dxc5 Bxc5 12. Qh5 h6 13. Re5 Qg4 14. Rxd5 b6
15. Qxg4 Bxg4 16. a4 Be6 17. Re5 Be7 18. Rb5 Bf6 19. Bd2 Rac8 20. a5 Bc4 21.
Bxc4 Rxc4 22. axb6 axb6 23. Rxb6 Rd8 24. Be1 Bxc3 25. Bxc3 Rxc3 26. Rb2 Rd2 27.
Rc1 Rc6 28. g3 Rf6 29. Rf1 Rc6 30. Rc1 Rf6 31. Rf1 1/2-1/2

[Event "TCh-TUR Super League 2023"]
[Site "Ankara TUR"]
[Date "2023.07.13"]
[Round "4.2"]
[Board "2"]
[White "Mammadov, Zaur"]
[Black "Indjic, Aleksandar"]
[Result "1-0"]
[WhiteTitle "GM"]
[BlackTitle "GM"]
[WhiteElo "2398"]
[BlackElo "2619"]
[WhiteTeam "ROTA KOLEJI"]
[BlackTeam "DENIZ SU SATRANC GENCLIK VE"]
[WhiteFideId "13401033"]
[BlackFideId "911925"]
[EventDate "2023.07.10"]

1. e4 c5 2. c3 d5 3. exd5 Nf6 4. Qa4+ Nbd7 5. Qb3 g6 6. Nf3 Bg7 7. c4 O-O 8. Nc3
e6 9. dxe6 fxe6 10. d3 b6 11. Bg5 h6 12. Bh4 Bb7 13. O-O-O Bxf3 14. gxf3 Ne5 15.
d4 cxd4 16. Nb5 Nc6 17. f4 g5 18. fxg5 hxg5 19. Bxg5 Qd7 20. Rg1 a6 21. Bh6 Rf7
22. Bxg7 Rxg7 23. Rxg7+ Kxg7 24. Qg3+ Kf7 25. Nd6+ Ke7 26. Qg7+ Kxd6 27. Qxf6
Rg8 28. Qf3 Qh7 29. Bg2 Qh6+ 30. Rd2 Ne5 31. Qb7 d3 32. Qxb6+ Ke7 33. Qc5+ Kf6
34. f4 Qxf4 35. Qf2 Kf5 36. b3 Rh8 37. Kb2 Kg5 38. Qxf4+ Kxf4 39. Bf1 Nf3 40.
Rxd3 Rxh2+ 41. Kc3 a5 42. c5 Ng5 43. c6 Ne4+ 44. Kc4 Rf2 45. Bh3 Ke5 46. Kb5
Rxa2 47. Re3 a4 48. c7 Rc2 49. Rxe4+ Kxe4 50. Bg2+ Kd4 51. Bc6 axb3 52. c8=Q b2
53. Qh8+ Ke3 54. Qh6+ 1-0

[Event "TCh-TUR Super League 2023"]
[Site "Ankara TUR"]
[Date "2023.07.13"]
[Round "4.2"]
[Board "3"]
[White "Citak, Selim"]
[Black "Yavuz, Efe Metehan"]
[Result "1/2-1/2"]
[WhiteTitle "FM"]
[BlackTitle "FM"]
[WhiteElo "2327"]
[BlackElo "2346"]
[WhiteTeam "DENIZ SU SATRANC GENCLIK VE"]
[BlackTeam "ROTA KOLEJI"]
[WhiteFideId "6301819"]
[BlackFideId "34514570"]
[EventDate "2023.07.10"]

1. d4 Nf6 2. c4 e6 3. Nc3 d5 4. Nf3 Bb4 5. Bg5 dxc4 6. e4 h6 7. Bxf6 Qxf6 8.
Bxc4 c5 9. O-O cxd4 10. Nb5 Qe7 11. Qxd4 O-O 12. Nxa7 Bc5 13. Nxc8 Rxc8 14. Qd3
Nc6 15. Qe2 Rd8 16. Rad1 Rxd1 17. Rxd1 Rd8 18. Rxd8+ Qxd8 19. Qd2 Nd4 20. Nxd4
Qxd4 21. Qxd4 Bxd4 22. b3 Kf8 23. g3 Ke7 24. Kg2 Kd6 25. f4 f5 26. Kf3 g5 27.
Bd3 fxe4+ 28. Bxe4 b6 29. fxg5 hxg5 30. Kg4 Bf6 31. b4 Ke5 32. Bc6 Bd8 33. a4
Kd4 34. h3 Kc4 35. a5 bxa5 36. bxa5 Kc5 37. Bb7 Kb5 38. a6 Kb6 39. Bc8 Ka7 40.
Kh5 e5 41. Kg4 e4 1/2-1/2

[Event "TCh-TUR Super League 2023"]
[Site "Ankara TUR"]
[Date "2023.07.13"]
[Round "4.2"]
[Board "4"]
[White "Karaoglan, Doruk"]
[Black "Yurtseven, Melih"]
[Result "1-0"]
[WhiteTitle "CM"]
[BlackTitle "IM"]
[WhiteElo "2247"]
[BlackElo "2329"]
[WhiteTeam "ROTA KOLEJI"]
[BlackTeam "DENIZ SU SATRANC GENCLIK VE"]
[WhiteFideId "6390927"]
[BlackFideId "6312160"]
[EventDate "2023.07.10"]

1. e4 e5 2. Nf3 Nc6 3. Bc4 Nf6 4. d3 Be7 5. Bb3 O-O 6. c3 d5 7. Nbd2 Re8 8. h3
a5 9. O-O h6 10. Re1 dxe4 11. dxe4 Bf8 12. Ba4 Bd7 13. Nc4 Qb8 14. Qb3 Bd6 15.
Nxd6 cxd6 16. c4 Be6 17. Qc3 Rc8 18. b3 Na7 19. Qxa5 Bxc4 20. bxc4 Nc6 21. Qb5
Na5 22. Bb3 Nxb3 23. Qxb3 Qc7 24. Ba3 Qxc4 25. Bxd6 Nxe4 26. Bxe5 b5 27. Qe3 Nc3
28. Bxc3 Qxc3 29. Qxc3 Rxc3 30. Reb1 1-0

[Event "TCh-TUR Super League 2023"]
[Site "Ankara TUR"]
[Date "2023.07.13"]
[Round "4.2"]
[Board "5"]
[White "Salimova, Nurgyul"]
[Black "Mammadova, Narmin"]
[Result "1/2-1/2"]
[WhiteTitle "IM"]
[BlackTitle "WIM"]
[WhiteElo "2409"]
[BlackElo "2241"]
[WhiteTeam "DENIZ SU SATRANC GENCLIK VE"]
[BlackTeam "ROTA KOLEJI"]
[WhiteFideId "2915138"]
[BlackFideId "13403710"]
[EventDate "2023.07.10"]

1. d4 d5 2. Nf3 Nf6 3. c4 c6 4. e3 Bg4 5. Nc3 e6 6. Qb3 Qb6 7. Bd3 Nbd7 8. Bd2
Be7 9. Qc2 dxc4 10. Bxc4 Bf5 11. Bd3 Bxd3 12. Qxd3 O-O 13. O-O Rfd8 14. Qc2 c5
15. a4 Rac8 16. a5 Qc6 17. Rfc1 cxd4 18. Nxd4 Qa6 19. Rd1 Ne5 20. Be1 g6 21. Qb1
Nc6 22. Ndb5 Nb4 23. e4 Ng4 24. h3 Ne5 25. Bd2 Ned3 26. Be3 Bc5 27. Rd2 Bxe3 28.
fxe3 Nc5 29. Qd1 Rd3 30. Rxd3 Ncxd3 31. Qf3 Rc5 32. Rf1 Ne5 33. Qf6 Rxb5 34.
Qd8+ Kg7 35. Qf6+ Kg8 36. Qd8+ Kg7 37. Qf6+ 1/2-1/2

[Event "TCh-TUR Super League 2023"]
[Site "Ankara TUR"]
[Date "2023.07.13"]
[Round "4.2"]
[Board "6"]
[White "Tarhan, Adar"]
[Black "Erten, Kerem"]
[Result "1/2-1/2"]
[WhiteTitle "FM"]
[BlackTitle "CM"]
[WhiteElo "2347"]
[BlackElo "2287"]
[WhiteTeam "ROTA KOLEJI"]
[BlackTeam "DENIZ SU SATRANC GENCLIK VE"]
[WhiteFideId "34544712"]
[BlackFideId "34588221"]
[EventDate "2023.07.10"]

1. e4 e5 2. Nf3 Nc6 3. Bc4 Nf6 4. d3 Bc5 5. Nc3 d6 6. Bg5 h6 7. Bxf6 Qxf6 8. Nd5
Qd8 9. c3 a6 10. d4 exd4 11. cxd4 Ba7 12. h3 O-O 13. O-O Ne7 14. Nf4 c6 15. Re1
d5 16. exd5 Nxd5 17. Bxd5 cxd5 18. Qb3 Qd6 19. g3 Bf5 20. Rad1 Be4 21. Nd2 Rfe8
22. Qxb7 Bxd4 23. Nxe4 dxe4 24. Qd5 Qxd5 25. Nxd5 Be5 26. Rxe4 Bxb2 27. Rxe8+
Rxe8 28. Nc7 Re2 29. Kf1 Rc2 30. Nxa6 Ba3 31. Rd8+ Kh7 32. Rd7 Rxa2 33. Rxf7 Bd6
34. Nc7 Ra7 35. Rxg7+ Kxg7 36. Ne8+ Kf7 37. Nxd6+ Ke6 38. Nc4 Kd5 39. Ne3+ Ke4
40. Kg2 h5 41. h4 Rc7 42. Nf1 Kd3 43. Nh2 Ke2 44. Nf3 Re7 45. Ng1+ Kd3 46. Nh3
Ke4 47. Nf4 Re5 48. Nh3 Rf5 49. Ng5+ Ke5 50. f3 Rf8 51. Nh3 Kd4 52. Nf4 Rf5 53.
Kf2 Ra5 54. Ne6+ Ke5 55. Nf4 Kd4 56. Ng2 Ra2+ 57. Kg1 Ra3 58. Kh2 Rxf3 59. Nf4
Ke5 60. Nxh5 Rf5 1/2-1/2

[Event "TCh-TUR Super League 2023"]
[Site "Ankara TUR"]
[Date "2023.07.13"]
[Round "4.3"]
[Board "2"]
[White "Vidit, Santosh Gujrathi"]
[Black "Korobov, Anton"]
[Result "1-0"]
[WhiteTitle "GM"]
[BlackTitle "GM"]
[WhiteElo "2719"]
[BlackElo "2667"]
[WhiteTeam "TURK HAVA YOLLARI"]
[BlackTeam "BAYEGAN PENDIK"]
[WhiteFideId "5029465"]
[BlackFideId "14105730"]
[EventDate "2023.07.10"]

1. d4 Nf6 2. c4 e6 3. Nf3 d5 4. Nc3 c6 5. Bg5 h6 6. Bh4 dxc4 7. e4 g5 8. Bg3 b5
9. Be2 Bb7 10. O-O Nbd7 11. Nd2 h5 12. h3 g4 13. h4 Qb6 14. a4 a6 15. Bxc4 bxc4
16. Nxc4 Qb4 17. Qd3 Nb6 18. b3 Rd8 19. Na2 Qe7 20. Nxb6 e5 21. Bxe5 Qxe5 22.
dxe5 Rxd3 23. exf6 Bc5 24. a5 g3 25. Rfd1 Rxb3 26. Rab1 Bxf2+ 27. Kf1 Rxb1 28.
Rxb1 Bd4 29. e5 Kd8 30. Nc4 Kc7 31. Nd6 Rb8 32. Rxb7+ Rxb7 33. Nxb7 Kxb7 34. e6
fxe6 35. f7 Bc5 36. Nc1 Kc7 37. Nd3 Bf8 38. Nf4 Kd6 39. Ng6 Bg7 40. Ke2 c5 41.
Kd3 Kd5 42. f8=Q c4+ 43. Ke3 1-0

[Event "TCh-TUR Super League 2023"]
[Site "Ankara TUR"]
[Date "2023.07.13"]
[Round "4.3"]
[Board "3"]
[White "Ali Marandi, Cemil Can"]
[Black "Yilmazyerli, Mert"]
[Result "1/2-1/2"]
[WhiteTitle "GM"]
[BlackTitle "GM"]
[WhiteElo "2568"]
[BlackElo "2542"]
[WhiteTeam "BAYEGAN PENDIK"]
[BlackTeam "TURK HAVA YOLLARI"]
[WhiteFideId "6300529"]
[BlackFideId "6305962"]
[EventDate "2023.07.10"]

1. e4 e5 2. Nf3 Nc6 3. Bb5 Nf6 4. O-O Nxe4 5. Re1 Nd6 6. Nxe5 Be7 7. Bf1 Nxe5 8.
Rxe5 O-O 9. Nc3 Ne8 10. Nd5 Bd6 11. Re1 c6 12. Ne3 Be7 13. c4 Nc7 14. d4 d5 15.
cxd5 Bb4 16. Bd2 Bxd2 17. Qxd2 Nxd5 18. Nxd5 Qxd5 19. Re5 Qd6 20. Bc4 Bd7 21.
Rae1 Rae8 22. Qc3 Rxe5 23. dxe5 Qe7 24. Rd1 Be6 25. Bxe6 Qxe6 26. b3 f6 27. exf6
Qxf6 28. Qxf6 Rxf6 29. Rd8+ Rf8 30. Rd7 Rf7 31. Rd8+ Rf8 32. Rd7 Rf7 33. Rd8+
Rf8 1/2-1/2

[Event "TCh-TUR Super League 2023"]
[Site "Ankara TUR"]
[Date "2023.07.13"]
[Round "4.3"]
[Board "4"]
[White "Can, Isik"]
[Black "Solak, Dragan"]
[Result "1/2-1/2"]
[WhiteTitle "IM"]
[BlackTitle "GM"]
[WhiteElo "2512"]
[BlackElo "2586"]
[WhiteTeam "TURK HAVA YOLLARI"]
[BlackTeam "BAYEGAN PENDIK"]
[WhiteFideId "6383742"]
[BlackFideId "916811"]
[EventDate "2023.07.10"]

1. e4 c5 2. Nf3 Nc6 3. d4 cxd4 4. Nxd4 g6 5. c4 Nf6 6. Nc3 d6 7. Be2 Nxd4 8.
Qxd4 Bg7 9. Be3 O-O 10. Qd2 a5 11. f3 a4 12. Kf2 Be6 13. Rac1 Nd7 14. Rhd1 Nc5
15. Kg1 Qa5 16. Nd5 Bxd5 17. cxd5 Qxd2 18. Rxd2 a3 19. bxa3 b6 20. Rb1 Rxa3 21.
Bf2 Rfa8 22. Bc4 Rc3 23. Bf1 Bh6 24. Rdb2 Be3 25. Bxe3 Rxe3 26. Rc2 Rea3 27. Bc4
Nd7 28. Bb5 Nc5 29. Bc4 Nd7 30. Bb5 Nc5 1/2-1/2

[Event "TCh-TUR Super League 2023"]
[Site "Ankara TUR"]
[Date "2023.07.13"]
[Round "4.3"]
[Board "5"]
[White "Atalik, Ekaterina"]
[Black "Vaishali, Rameshbabu"]
[Result "1/2-1/2"]
[WhiteTitle "IM"]
[BlackTitle "IM"]
[WhiteElo "2407"]
[BlackElo "2431"]
[WhiteTeam "BAYEGAN PENDIK"]
[BlackTeam "TURK HAVA YOLLARI"]
[WhiteFideId "4130189"]
[BlackFideId "5091756"]
[EventDate "2023.07.10"]

1. Nf3 Nf6 2. c4 c5 3. g3 b6 4. Bg2 Bb7 5. O-O e6 6. Nc3 Be7 7. Re1 d5 8. cxd5
exd5 9. d4 O-O 10. Bg5 Nbd7 11. Rc1 h6 12. Bf4 a6 13. Ne5 cxd4 14. Nxd7 Qxd7 15.
Na4 Qe6 16. Qxd4 Nd7 17. Rc7 Bf6 18. Qe3 Bc8 19. Qd2 Be5 20. Bxd5 Bxf4 21. gxf4
Qg6+ 22. Kh1 Rb8 23. Rg1 Qf5 24. e4 Qh5 25. e5 Nc5 26. Nxc5 bxc5 27. Qc3 Rb4 28.
Qg3 g5 29. Bf3 Qg6 30. fxg5 Rxb2 31. gxh6 Qxg3 32. Rxg3+ Kh8 33. Kg2 Be6 34. a3
c4 35. Be4 Re2 36. Kf3 Ra2 37. Kg2 Re2 38. Kf3 Ra2 39. Kg2 1/2-1/2

[Event "TCh-TUR Super League 2023"]
[Site "Ankara TUR"]
[Date "2023.07.13"]
[Round "4.3"]
[Board "6"]
[White "Gurel, Ediz"]
[Black "Nihal, Sarin"]
[Result "1/2-1/2"]
[WhiteTitle "IM"]
[BlackTitle "GM"]
[WhiteElo "2500"]
[BlackElo "2688"]
[WhiteTeam "TURK HAVA YOLLARI"]
[BlackTeam "BAYEGAN PENDIK"]
[WhiteFideId "44507356"]
[BlackFideId "25092340"]
[EventDate "2023.07.10"]

1. e4 e6 2. d4 d5 3. Nd2 c5 4. Ngf3 cxd4 5. Nxd4 Nc6 6. Bb5 Bd7 7. Nxc6 bxc6 8.
Bd3 Bd6 9. Qe2 e5 10. O-O Qe7 11. c4 d4 12. c5 Bxc5 13. Nc4 Nf6 14. f4 exf4 15.
Bxf4 Ng4 16. a3 O-O 17. b4 Bb6 18. h3 Ne3 19. Nxe3 dxe3 20. Bxe3 Be6 21. Rac1
Bxe3+ 22. Qxe3 a5 23. Qc5 Qxc5+ 24. Rxc5 axb4 25. axb4 Rfb8 26. Rb1 Ra3 27. Bc2
Ra6 28. b5 cxb5 29. Rcxb5 Rxb5 30. Rxb5 g6 31. Bb3 Bxb3 32. Rxb3 Kg7 1/2-1/2

[Event "TCh-TUR Super League 2023"]
[Site "Ankara TUR"]
[Date "2023.07.13"]
[Round "4.4"]
[Board "1"]
[White "Demchenko, Anton"]
[Black "Sanal, Vahap"]
[Result "1-0"]
[WhiteTitle "GM"]
[BlackTitle "GM"]
[WhiteElo "2623"]
[BlackElo "2585"]
[WhiteTeam "HUKUKCU FENERBAHCELILER SPOR VE KULTUR K"]
[BlackTeam "GOKTURK"]
[WhiteFideId "4160258"]
[BlackFideId "6300545"]
[EventDate "2023.07.10"]

1. e4 e5 2. Nf3 Nc6 3. Bc4 Bc5 4. d3 Nf6 5. c3 O-O 6. Nbd2 a5 7. O-O d6 8. h3 h6
9. Re1 a4 10. Nf1 Bb6 11. Bb5 a3 12. bxa3 Ne7 13. Ng3 Ng6 14. Bc4 d5 15. exd5
Nxd5 16. Qb3 c6 17. d4 exd4 18. Bxd5 cxd5 19. Nxd4 Bc7 20. Be3 f5 21. Qc2 Qd7
22. Nf3 Qc6 23. Bd4 Bxg3 24. fxg3 Rxa3 25. h4 Re8 26. Rxe8+ Qxe8 27. Re1 Qf7 28.
Qe2 Bd7 29. h5 Nf8 30. Ne5 Qe6 31. Qf2 Qe8 32. Nc4 dxc4 33. Rxe8 Bxe8 34. Qxf5
Ra6 35. Qe5 Ne6 36. Qb8 Kf8 37. Qxb7 Rxa2 38. Qb4+ Kf7 39. Qb7+ Kf8 40. Qb4+ Kf7
41. Qxc4 Ra1+ 42. Kf2 Ra5 43. g4 Bd7 44. Be3 Re5 45. Qa2 Ke8 46. Qa8+ Ke7 47.
Bc1 Kf7 48. Ba3 Rb5 49. Bb4 Be8 50. Qe4 Bd7 51. Qd3 1-0